| 000 | 00630cam a2200205Ia 4500 | ||
|---|---|---|---|
| 020 | _a156134446X | ||
| 020 | _a9781561344468 | ||
| 040 | _cNBJ | ||
| 082 | _a364 DUS 1996 A014 Or. | ||
| 245 | 0 | 0 | _aTaking sides. |
| 250 | _a4th ed. | ||
| 260 |
_aGuilford, Conn. : _bDushkin Pub. Group, _cc1996. |
||
| 300 |
_axxi, 354 p. : _bill. ; _c24 cm. |
||
| 520 | _aContains thirty-six essays, arranged in pro and contra pairs, that address a variety of issues within crime and criminology. | ||
| 650 | 0 | _aCrime | |
| 650 | 0 | _aCriminal justice, Administration of | |
| 650 | 0 | _aCriminology. | |
| 700 | 1 | _aMonk, Richard C., | |
| 942 | _cEK | ||
| 999 |
_c13386 _d13386 |
||